004270000a22001090004500090001700000245012200017041001400139100002800153942001300181773010600194999001700300 aASbSeriadas10aStudies in neotropical mallophaga (IX)samblycera of the new world "Galiformes" part 1. the genus menacanthus neumann0 aEspañol1 aCarriker, M. A.9100167 cARTICULO1 tRevista de la Academia Colombiana de Ciencias Exactas, Físicas y Naturalesh25-26q115-137d1947g7 c15908d15908